000 00536nam a2200181Ia 4500
005 20250508152452.0
008 008 250505s9999 xx 000 0 eng d
037 _aTextual
040 _aFEDL
_beng
_cFEDL
041 _aeng
_2eng
084 _a372.4, HIL
_qFEDL
100 _aHildreth Gertrude
245 0 _aTeaching reading : A guide to basic principles and modern practices
260 _aNew York, USA
_bHenry Holt and Company
_c1958
300 _a612p.
942 _cTEXL
_h372.4, HIL
999 _c1336614
_d1336614